| 000 | 00572nam a2200205 a 4500 | ||
|---|---|---|---|
| 001 | 61613 | ||
| 003 | BD-RjUL | ||
| 005 | 20211209081001.0 | ||
| 008 | 170119b ru ||||| |||| 000 0 eng d | ||
| 035 | _a(BD-RjUL)61737 | ||
| 040 |
_aBD-RjUL _beng _cBD-RjUL |
||
| 041 | _aeng | ||
| 082 |
_223 _a335 _bBAS 1966 |
||
| 100 |
_aBaller, Eleazar _9183555 |
||
| 245 |
_aSocialism and the cultural heritage / _cEleazar Baller |
||
| 260 |
_aMoscow _bNovosti Press Agency Publication House. _c[1966?] |
||
| 300 |
_a127 p. ; _c17 cm. |
||
| 650 |
_aSocialism _9172186 |
||
| 942 |
_2ddc _cBK |
||
| 999 |
_c61613 _d61613 |
||